[Event "DEM U18 2017"]
[Site "Willingen GER"]
[Date "2017.06.06"]
[Round "4"]
[White "Ehmann, Thilo"]
[Black "Lagunow, Raphael"]
[Result "1-0"]
[Termination "normal"]
[Board "2"]
[WhiteTitle "FM"]
[BlackTitle "FM"]
[WhiteElo "2268"]
[BlackElo "2318"]
[WhiteClock "00:04:05"]
[BlackClock "00:00:34"]
[PlyCount "79"]
[WhiteFideId "12940968"]
[BlackFideId "24652644"]
[EventCountry "GER"]
[EventRounds "9"]
[EventType "swiss"]
[EventDate "2017.06.03"]

1. e4 {[%clk 1:30:59]} 1... g6 {[%clk 1:30:55]} 2. f4 {[%clk 1:30:11]} 2... Bg7
{[%clk 1:31:12]} 3. Nf3 {[%clk 1:30:30]} 3... d6 {[%clk 1:30:28]} 4. Bc4 {
[%clk 1:29:18]} 4... c6 {[%clk 1:24:53]} 5. Bb3 {[%clk 1:25:16]} 5... Nf6 {
[%clk 1:21:22]} 6. d3 {[%clk 1:23:48]} 6... Na6 {[%clk 1:17:30]} 7. c3 { [%clk
1:18:47]} 7... Nc5 {[%clk 1:11:18]} 8. Bc2 {[%clk 1:17:54]} 8... a5 { [%clk
1:11:06]} 9. O-O {[%clk 1:15:29]} 9... O-O {[%clk 0:56:42]} 10. Qe1 { [%clk
1:10:27]} 10... Ncd7 {[%clk 0:38:55]} 11. Qh4 {[%clk 1:05:02]} 11... e5 { [%clk
0:36:07]} 12. fxe5 {[%clk 0:58:05]} 12... dxe5 {[%clk 0:35:23]} 13. Be3 { [%clk
0:54:16]} 13... Nh5 {[%clk 0:30:33]} 14. Qxd8 {[%clk 0:41:19]} 14... Rxd8
{[%clk 0:30:55]} 15. a4 {[%clk 0:41:15]} 15... Nf8 {[%clk 0:11:18]} 16. Na3 {
[%clk 0:36:32]} 16... Be6 {[%clk 0:10:19]} 17. Bb6 {[%clk 0:28:56]} 17... Rd7 {
[%clk 0:10:48]} 18. Ng5 {[%clk 0:22:42]} 18... Ra6 {[%clk 0:04:13]} 19. Nxe6 {
[%clk 0:20:15]} 19... Nxe6 {[%clk 0:04:42]} 20. Nc4 {[%clk 0:15:35]} 20... Nhf4
{[%clk 0:02:48]} 21. Rfd1 {[%clk 0:14:56]} 21... f6 {[%clk 0:02:37]} 22. g3 {
[%clk 0:14:51]} 22... Nh3+ {[%clk 0:02:26]} 23. Kg2 Nhg5 24. Bxa5 { [%clk
0:10:04]} 24... f5 {[%clk 0:03:24]} 25. exf5 {[%clk 0:09:19]} 25... gxf5 {[%clk
0:03:53]} 26. Bb6 26... f4 {[%clk 0:02:36]} 27. a5 {[%clk 0:09:14]} 27... Kh8
{[%clk 0:01:55]} 28. Re1 {[%clk 0:08:39]} 28... Rd5 {[%clk 0:01:54]} 29. h4
{[%clk 0:08:10]} 29... Nf7 {[%clk 0:01:56]} 30. d4 {[%clk 0:07:30]} 30... fxg3
{[%clk 0:01:55]} 31. Kxg3 {[%clk 0:05:34]} 31... Ra8 {[%clk 0:02:24] } 32. Be4
{[%clk 0:05:04]} 32... Rg8 {[%clk 0:01:40]} 33. Kh2 {[%clk 0:04:00]} 33... Bh6
{[%clk 0:01:11]} 34. Bxd5 {[%clk 0:03:42]} 34... Bf4+ {[%clk 0:01:39] } 35. Kh1
{[%clk 0:04:05]} 35... cxd5 {[%clk 0:01:58]} 36. Nxe5 {[%clk 0:04:16] } 36...
Nd6 {[%clk 0:00:58]} 37. Nf7+ {[%clk 0:03:27]} 37... Nxf7 { [%clk 0:01:26]} 38.
Rxe6 {[%clk 0:03:46]} 38... Nh6 {[%clk 0:00:59]} 39. Rf1 { [%clk 0:03:55]}
39... Rg4 {[%clk 0:00:34]} 40. Rxf4 {[%clk 0:04:05]} 1-0

[Event "DEM U18 2017"]
[Site "Willingen GER"]
[Date "2017.06.06"]
[Round "4"]
[White "Vogel, Roven"]
[Black "Schneider, Jana"]
[Result "1-0"]
[Termination "normal"]
[Board "3"]
[WhiteTitle "IM"]
[BlackTitle "FM"]
[WhiteElo "2464"]
[BlackElo "2270"]
[WhiteClock "00:46:21"]
[BlackClock "00:04:08"]
[PlyCount "67"]
[WhiteFideId "12908088"]
[BlackFideId "12924997"]
[EventCountry "GER"]
[EventRounds "9"]
[EventType "swiss"]
[EventDate "2017.06.03"]

1. Nf3 {[%clk 1:30:57]} 1... d5 {[%clk 1:30:50]} 2. d4 {[%clk 1:31:14]} 2...
Nf6 {[%clk 1:31:09]} 3. Bf4 {[%clk 1:31:22]} 3... e6 {[%clk 1:31:04]} 4. e3 {
[%clk 1:31:24]} 4... Be7 {[%clk 1:31:01]} 5. Bd3 {[%clk 1:31:06]} 5... O-O {
[%clk 1:30:37]} 6. h3 {[%clk 1:30:58]} 6... c5 {[%clk 1:30:16]} 7. c3 { [%clk
1:29:15]} 7... Re8 {[%clk 1:22:38]} 8. Nbd2 {[%clk 1:28:40]} 8... Nbd7 { [%clk
1:21:12]} 9. O-O {[%clk 1:25:31]} 9... Nf8 {[%clk 1:15:09]} 10. Qe2 { [%clk
1:19:04]} 10... N6d7 {[%clk 1:03:01]} 11. Bh2 {[%clk 1:16:28]} 11... Qb6 {[%clk
0:56:47]} 12. Rab1 {[%clk 1:14:40]} 12... Bd6 {[%clk 0:53:03]} 13. Bxd6 {[%clk
1:12:31]} 13... Qxd6 {[%clk 0:53:25]} 14. e4 {[%clk 1:12:44]} 14... dxe4 {[%clk
0:50:40]} 15. Nxe4 {[%clk 1:10:21]} 15... Qc7 {[%clk 0:44:59]} 16. Nxc5 {[%clk
1:06:02]} 16... Nxc5 {[%clk 0:45:05]} 17. dxc5 {[%clk 1:06:24]} 17... Qxc5
{[%clk 0:45:06]} 18. Rbd1 {[%clk 1:04:58]} 18... b6 {[%clk 0:37:12]} 19. Be4
{[%clk 0:59:28]} 19... Rb8 {[%clk 0:37:14]} 20. Rd4 {[%clk 0:57:01]} 20... f5
{[%clk 0:26:55]} 21. Bc2 {[%clk 0:55:00]} 21... e5 {[%clk 0:26:41]} 22. Rd5
{[%clk 0:55:03]} 22... Qc7 {[%clk 0:21:50]} 23. Bb3 {[%clk 0:51:53]} 23... Kh8
{[%clk 0:19:03]} 24. Rxe5 {[%clk 0:51:15]} 24... Ba6 {[%clk 0:14:11]} 25. Qxa6
{[%clk 0:51:20]} 25... Rxe5 {[%clk 0:14:34]} 26. Nxe5 {[%clk 0:51:41]} 26...
Qxe5 {[%clk 0:14:59]} 27. Qxa7 {[%clk 0:52:03]} 27... f4 {[%clk 0:13:30]} 28.
Qf7 {[%clk 0:51:34]} 28... Ng6 {[%clk 0:13:47]} 29. Qe6 {[%clk 0:51:47]} 29...
Qg5 {[%clk 0:12:58]} 30. Re1 {[%clk 0:46:41]} 30... Rf8 {[%clk 0:07:47]} 31.
Qg4 {[%clk 0:45:58]} 31... Qc5 {[%clk 0:05:51]} 32. Bc2 {[%clk 0:46:12]} 32...
Ne7 {[%clk 0:04:04]} 33. Qh4 {[%clk 0:46:31]} 33... Nf5 {[%clk 0:04:08]} 34.
Qxf4 {[%clk 0:46:21]} 1-0

[Event "DEM U18 2017"]
[Site "Willingen GER"]
[Date "2017.06.06"]
[Round "4"]
[White "Oberhofer, Cédric"]
[Black "Schröder, Kevin"]
[Result "0-1"]
[Termination "normal"]
[Board "4"]
[BlackTitle "FM"]
[WhiteElo "2187"]
[BlackElo "2352"]
[WhiteClock "00:22:38"]
[BlackClock "00:58:19"]
[PlyCount "86"]
[WhiteFideId "12941220"]
[BlackFideId "12929840"]
[EventCountry "GER"]
[EventRounds "9"]
[EventType "swiss"]
[EventDate "2017.06.03"]

1. e4 {[%clk 1:30:58]} 1... e6 {[%clk 1:30:55]} 2. d4 {[%clk 1:31:16]} 2... d5
{[%clk 1:31:22]} 3. e5 {[%clk 1:31:42]} 3... c5 {[%clk 1:31:49]} 4. c3 { [%clk
1:32:09]} 4... Qb6 {[%clk 1:32:16]} 5. Nf3 {[%clk 1:32:34]} 5... Nc6 { [%clk
1:32:41]} 6. a3 {[%clk 1:32:38]} 6... Bd7 {[%clk 1:31:23]} 7. b4 { [%clk
1:31:46]} 7... cxd4 {[%clk 1:31:14]} 8. cxd4 {[%clk 1:32:12]} 8... Rc8 { [%clk
1:31:02]} 9. Be3 {[%clk 1:26:23]} 9... a5 {[%clk 1:30:01]} 10. b5 { [%clk
1:25:48]} 10... Nce7 {[%clk 1:29:27]} 11. Bd3 {[%clk 1:19:50]} 11... Nf5 {[%clk
1:29:16]} 12. O-O {[%clk 1:18:32]} 12... Ngh6 {[%clk 1:28:32]} 13. a4 { [%clk
1:11:01]} 13... Be7 {[%clk 1:26:33]} 14. Qe2 {[%clk 1:02:04]} 14... O-O { [%clk
1:18:09]} 15. Nbd2 {[%clk 0:50:22]} 15... Rc3 {[%clk 1:17:30]} 16. Rfc1 { [%clk
0:50:42]} 16... Rfc8 {[%clk 1:16:56]} 17. Rxc3 {[%clk 0:50:33]} 17... Rxc3
{[%clk 1:17:21]} 18. Nb1 {[%clk 0:49:25]} 18... Rc8 {[%clk 1:15:49]} 19. Ra2
{[%clk 0:48:35]} 19... Nxe3 {[%clk 1:13:59]} 20. Qxe3 {[%clk 0:43:39]} 20...
Nf5 {[%clk 1:14:10]} 21. Bxf5 {[%clk 0:41:23]} 21... exf5 {[%clk 1:14:32] } 22.
Nc3 {[%clk 0:41:42]} 22... f4 {[%clk 1:14:11]} 23. Qd3 {[%clk 0:42:01]} 23...
Qg6 {[%clk 1:14:15]} 24. Qxg6 {[%clk 0:39:45]} 24... hxg6 {[%clk 1:14:28] } 25.
Ne2 {[%clk 0:40:07]} 25... g5 {[%clk 1:12:26]} 26. Ne1 {[%clk 0:36:01]} 26...
Bb4 {[%clk 1:08:43]} 27. Nd3 {[%clk 0:33:59]} 27... Bf5 {[%clk 1:09:01]} 28.
Nxb4 {[%clk 0:33:08]} 28... axb4 {[%clk 1:09:25]} 29. f3 {[%clk 0:33:27]} 29...
Bd3 {[%clk 1:04:13]} 30. Kf2 {[%clk 0:31:26]} 30... Ra8 {[%clk 1:02:06]} 31. b6
{[%clk 0:29:52]} 31... b3 {[%clk 1:00:23]} 32. Rb2 {[%clk 0:29:32]} 32... Bc4
{[%clk 1:00:28]} 33. Nc3 {[%clk 0:28:58]} 33... Ra6 {[%clk 1:00:48]} 34. g3
{[%clk 0:27:08]} 34... Rxb6 {[%clk 1:01:03]} 35. gxf4 {[%clk 0:26:44]} 35...
gxf4 {[%clk 1:01:24]} 36. Ke1 {[%clk 0:26:40]} 36... Rh6 {[%clk 1:00:56]} 37.
Rg2 {[%clk 0:25:57]} 37... Rh3 {[%clk 1:00:31]} 38. Rf2 {[%clk 0:26:20]} 38...
g5 {[%clk 1:00:42]} 39. Nd1 {[%clk 0:24:34]} 39... Kg7 {[%clk 1:00:11]} 40. Nb2
{[%clk 0:22:23]} 40... Kg6 {[%clk 0:59:22]} 41. Kd2 {[%clk 0:22:47]} 41... Ba6
{[%clk 0:58:37]} 42. Kc3 {[%clk 0:22:10]} 42... g4 {[%clk 0:59:02]} 43. Kxb3
{[%clk 0:22:38]} 43... g3 {[%clk 0:58:19]} 0-1

[Event "DEM U18 2017"]
[Site "Willingen GER"]
[Date "2017.06.06"]
[Round "4"]
[White "Gschnitzer, Adrian"]
[Black "Herbrig, Alexander"]
[Result "1-0"]
[Termination "normal"]
[Board "5"]
[WhiteElo "2342"]
[BlackElo "2102"]
[WhiteClock "00:14:47"]
[BlackClock "00:07:07"]
[PlyCount "69"]
[WhiteFideId "1270337"]
[BlackFideId "12952044"]
[EventCountry "GER"]
[EventRounds "9"]
[EventType "swiss"]
[EventDate "2017.06.03"]

1. e4 {[%clk 1:30:58]} 1... c5 {[%clk 1:30:53]} 2. Nf3 {[%clk 1:31:23]} 2...
Nc6 {[%clk 1:31:12]} 3. d4 {[%clk 1:31:44]} 3... cxd4 {[%clk 1:31:41]} 4. Nxd4
{[%clk 1:32:04]} 4... e6 {[%clk 1:32:05]} 5. Nc3 {[%clk 1:31:02]} 5... Qc7 {
[%clk 1:32:29]} 6. Be3 {[%clk 1:28:48]} 6... a6 {[%clk 1:32:24]} 7. Bd3 { [%clk
1:27:54]} 7... Nf6 {[%clk 1:31:51]} 8. O-O {[%clk 1:27:22]} 8... Bd6 { [%clk
1:18:34]} 9. h3 {[%clk 1:13:51]} 9... b5 {[%clk 1:12:19]} 10. Kh1 { [%clk
1:07:26]} 10... Nxd4 {[%clk 1:06:26]} 11. Bxd4 {[%clk 1:07:47]} 11... Bc5
{[%clk 1:03:27]} 12. Bxc5 {[%clk 1:02:14]} 12... Qxc5 {[%clk 1:03:44]} 13. Qe2
{[%clk 0:58:05]} 13... b4 {[%clk 0:59:00]} 14. Nb1 {[%clk 0:56:20]} 14... d6 {
[%clk 0:48:41]} 15. Nd2 {[%clk 0:50:03]} 15... Bb7 {[%clk 0:45:09]} 16. a3 {
[%clk 0:47:40]} 16... a5 {[%clk 0:34:31]} 17. Bb5+ {[%clk 0:39:21]} 17... Ke7 {
[%clk 0:33:27]} 18. f4 {[%clk 0:35:38]} 18... Nxe4 {[%clk 0:28:23]} 19. Nxe4 {
[%clk 0:35:46]} 19... Bxe4 {[%clk 0:28:45]} 20. Qxe4 {[%clk 0:34:21]} 20...
Qxb5 {[%clk 0:28:44]} 21. f5 {[%clk 0:33:27]} 21... Qd5 {[%clk 0:19:28]} 22.
Qh4+ {[%clk 0:31:10]} 22... f6 {[%clk 0:18:47]} 23. Rad1 {[%clk 0:29:18]} 23...
Qc5 {[%clk 0:16:34]} 24. Qe4 {[%clk 0:28:31]} 24... Qc8 {[%clk 0:13:00]} 25.
fxe6 {[%clk 0:26:56]} 25... Qc7 {[%clk 0:12:19]} 26. axb4 {[%clk 0:25:29]}
26... axb4 {[%clk 0:12:48]} 27. Qg4 {[%clk 0:22:41]} 27... g6 {[%clk 0:10:19]}
28. Qxb4 {[%clk 0:19:21]} 28... Ra5 {[%clk 0:07:58]} 29. Rxd6 {[%clk 0:14:23]}
29... Qxd6 {[%clk 0:08:23]} 30. Qxa5 {[%clk 0:14:46]} 30... Kxe6 { [%clk
0:08:33]} 31. Re1+ {[%clk 0:14:53]} 31... Kd7 {[%clk 0:08:48]} 32. Qa7+ { [%clk
0:14:55]} 32... Kc6 {[%clk 0:08:42]} 33. Ra1 {[%clk 0:14:14]} 33... Qc5 { [%clk
0:06:41]} 34. Ra6+ {[%clk 0:14:28]} 34... Kd5 {[%clk 0:07:07]} 35. Ra5 { [%clk
0:14:47]} 1-0

[Event "DEM U18 2017"]
[Site "Willingen GER"]
[Date "2017.06.06"]
[Round "4"]
[White "Niermann, Tristan"]
[Black "Mätzkow, Maximilian Paul"]
[Result "1/2-1/2"]
[Termination "normal"]
[Board "6"]
[WhiteElo "2340"]
[BlackElo "2131"]
[WhiteClock "00:03:11"]
[BlackClock "01:01:42"]
[PlyCount "82"]
[WhiteFideId "12990698"]
[BlackFideId "24679933"]
[EventCountry "GER"]
[EventRounds "9"]
[EventType "swiss"]
[EventDate "2017.06.03"]

1. d4 {[%clk 1:30:58]} 1... Nf6 {[%clk 1:30:54]} 2. c4 {[%clk 1:31:24]} 2... c5
{[%clk 1:31:17]} 3. d5 {[%clk 1:31:50]} 3... b5 {[%clk 1:31:41]} 4. cxb5 {
[%clk 1:32:16]} 4... a6 {[%clk 1:32:03]} 5. bxa6 {[%clk 1:32:42]} 5... Bxa6 {
[%clk 1:32:26]} 6. Nc3 {[%clk 1:33:07]} 6... d6 {[%clk 1:32:44]} 7. Nf3 { [%clk
1:33:13]} 7... g6 {[%clk 1:33:01]} 8. e4 {[%clk 1:33:39]} 8... Bxf1 { [%clk
1:33:25]} 9. Kxf1 {[%clk 1:34:06]} 9... Bg7 {[%clk 1:33:39]} 10. g3 { [%clk
1:34:31]} 10... O-O {[%clk 1:33:45]} 11. Kg2 {[%clk 1:34:57]} 11... Nbd7 {[%clk
1:33:51]} 12. a4 {[%clk 1:35:22]} 12... Qa5 {[%clk 1:33:51]} 13. Bd2 { [%clk
1:34:59]} 13... Rfb8 {[%clk 1:33:41]} 14. Nb5 {[%clk 1:34:47]} 14... Qb6 {[%clk
1:33:32]} 15. Qc2 {[%clk 1:32:46]} 15... Ng4 {[%clk 1:27:36]} 16. Bc3 { [%clk
1:28:41]} 16... Nge5 {[%clk 1:27:31]} 17. Nxe5 {[%clk 1:27:29]} 17... Nxe5
{[%clk 1:27:54]} 18. f4 {[%clk 1:24:45]} 18... Ng4 {[%clk 1:27:23]} 19. Qe2
{[%clk 1:24:05]} 19... h5 {[%clk 1:24:43]} 20. h3 {[%clk 1:22:01]} 20... Nf6
{[%clk 1:22:37]} 21. Rhd1 {[%clk 1:17:10]} 21... Ne8 {[%clk 1:21:34]} 22. Ra3
{[%clk 0:44:00]} 22... Nc7 {[%clk 1:18:12]} 23. Nxc7 {[%clk 0:37:47]} 23...
Qxc7 {[%clk 1:18:38]} 24. e5 {[%clk 0:33:56]} 24... Qb7 {[%clk 1:11:46]} 25.
Kh2 {[%clk 0:28:53]} 25... h4 {[%clk 1:07:16]} 26. gxh4 {[%clk 0:24:49]} 26...
Rd8 {[%clk 1:06:49]} 27. h5 {[%clk 0:13:06]} 27... dxe5 {[%clk 1:04:00]} 28.
hxg6 {[%clk 0:11:05]} 28... fxg6 {[%clk 1:03:50]} 29. Bxe5 {[%clk 0:09:55]}
29... Bxe5 {[%clk 1:00:57]} 30. Qxe5 {[%clk 0:09:45]} 30... Ra6 {[%clk 1:00:23]
} 31. f5 {[%clk 0:06:57]} 31... Qb8 {[%clk 0:59:46]} 32. Qxb8 {[%clk 0:07:15]}
32... Rxb8 {[%clk 1:00:10]} 33. fxg6 {[%clk 0:05:02]} 33... Rxb2+ { [%clk
1:00:32]} 34. Kh1 {[%clk 0:04:59]} 34... Rxg6 {[%clk 1:00:19]} 35. Rg1 { [%clk
0:05:13]} 35... Rxg1+ {[%clk 1:00:10]} 36. Kxg1 {[%clk 0:05:41]} 36... c4
{[%clk 1:00:06]} 37. a5 {[%clk 0:04:09]} 37... Rb3 {[%clk 1:00:13]} 38. Ra4 {
[%clk 0:02:37]} 38... c3 {[%clk 1:00:34]} 39. Rc4 {[%clk 0:02:58]} 39... Ra3 {
[%clk 1:00:52]} 40. a6 {[%clk 0:02:47]} 40... Rxa6 {[%clk 1:01:18]} 41. Rxc3 {
[%clk 0:03:11]} 41... Rd6 {[%clk 1:01:42]} 1/2-1/2

[Event "DEM U18 2017"]
[Site "Willingen GER"]
[Date "2017.06.06"]
[Round "4"]
[White "Uksini, Bardhyl"]
[Black "Ravina, David"]
[Result "1-0"]
[Termination "normal"]
[Board "7"]
[WhiteElo "2331"]
[BlackElo "2236"]
[WhiteClock "00:03:36"]
[BlackClock "00:03:50"]
[PlyCount "67"]
[WhiteFideId "1628313"]
[BlackFideId "12921858"]
[EventCountry "GER"]
[EventRounds "9"]
[EventType "swiss"]
[EventDate "2017.06.03"]

1. d4 {[%clk 1:30:58]} 1... f5 {[%clk 1:30:25]} 2. c4 {[%clk 1:30:45]} 2... e6
{[%clk 1:30:34]} 3. g3 {[%clk 1:28:53]} 3... Nf6 {[%clk 1:30:22]} 4. Bg2 {
[%clk 1:29:13]} 4... d5 {[%clk 1:28:39]} 5. Nf3 {[%clk 1:29:36]} 5... c6 {
[%clk 1:27:54]} 6. O-O {[%clk 1:29:58]} 6... Bd6 {[%clk 1:28:16]} 7. b3 { [%clk
1:26:13]} 7... O-O {[%clk 1:28:30]} 8. Ba3 {[%clk 1:22:56]} 8... Bxa3 { [%clk
1:25:12]} 9. Nxa3 {[%clk 1:23:19]} 9... Qd6 {[%clk 1:25:14]} 10. Nc2 { [%clk
1:21:36]} 10... Nbd7 {[%clk 1:24:38]} 11. Nce1 {[%clk 1:15:52]} 11... b6 {[%clk
1:14:31]} 12. Nd3 {[%clk 1:10:45]} 12... Bb7 {[%clk 1:13:19]} 13. e3 { [%clk
1:01:26]} 13... c5 {[%clk 0:53:17]} 14. Qe2 {[%clk 0:55:34]} 14... dxc4 { [%clk
0:45:23]} 15. bxc4 {[%clk 0:55:37]} 15... Rac8 {[%clk 0:40:55]} 16. Rac1 {[%clk
0:52:01]} 16... Rfd8 {[%clk 0:21:44]} 17. Rfd1 {[%clk 0:51:41]} 17... Qe7
{[%clk 0:19:34]} 18. Qb2 {[%clk 0:48:49]} 18... Ne4 {[%clk 0:15:37]} 19. Qa3
{[%clk 0:43:13]} 19... Rc7 {[%clk 0:14:07]} 20. Nf4 {[%clk 0:37:09]} 20... Ndf6
{[%clk 0:11:22]} 21. dxc5 {[%clk 0:19:06]} 21... Nxc5 {[%clk 0:11:37]} 22.
Rxd8+ {[%clk 0:19:06]} 22... Qxd8 {[%clk 0:11:38]} 23. Nd4 {[%clk 0:19:28]}
23... Bxg2 {[%clk 0:09:45]} 24. Kxg2 {[%clk 0:16:12]} 24... Kf7 {[%clk 0:09:52]
} 25. Nb3 {[%clk 0:10:26]} 25... Nfe4 {[%clk 0:07:06]} 26. Qb2 {[%clk 0:08:03]}
26... Nd3 {[%clk 0:05:45]} 27. Nxd3 {[%clk 0:06:11]} 27... Qxd3 {[%clk 0:06:14]
} 28. Qc2 {[%clk 0:03:56]} 28... Qd8 {[%clk 0:05:39]} 29. Nd4 {[%clk 0:03:43]}
29... Nd6 {[%clk 0:05:18]} 30. Qe2 {[%clk 0:03:52]} 30... Qc8 {[%clk 0:04:59]}
31. Qh5+ {[%clk 0:03:05]} 31... Kg8 {[%clk 0:05:12]} 32. Nf3 {[%clk 0:03:30]}
32... Rxc4 {[%clk 0:04:33]} 33. Rd1 {[%clk 0:03:23]} 33... Qc6 {[%clk 0:03:50]}
34. Rxd6 {[%clk 0:03:36]} 1-0

[Event "DEM U18 2017"]
[Site "Willingen GER"]
[Date "2017.06.06"]
[Round "4"]
[White "Spitzl, Vinzent"]
[Black "Karsay, Pascal"]
[Result "1-0"]
[Termination "normal"]
[Board "8"]
[WhiteElo "2245"]
[BlackElo "2141"]
[WhiteClock "00:17:17"]
[BlackClock "00:07:43"]
[PlyCount "45"]
[WhiteFideId "12901253"]
[BlackFideId "12953474"]
[EventCountry "GER"]
[EventRounds "9"]
[EventType "swiss"]
[EventDate "2017.06.03"]

1. e4 {[%clk 1:30:57]} 1... c5 {[%clk 1:30:56]} 2. Nf3 {[%clk 1:31:20]} 2... e6
{[%clk 1:31:23]} 3. d4 {[%clk 1:31:43]} 3... cxd4 {[%clk 1:31:49]} 4. Nxd4 {
[%clk 1:32:09]} 4... a6 {[%clk 1:32:15]} 5. g3 {[%clk 1:32:00]} 5... Nf6 {
[%clk 1:30:15]} 6. Bg2 {[%clk 1:32:03]} 6... Qc7 {[%clk 1:28:40]} 7. O-O {
[%clk 1:32:09]} 7... Nc6 {[%clk 1:26:20]} 8. c4 {[%clk 1:30:16]} 8... Bc5 {
[%clk 1:21:11]} 9. Nb3 {[%clk 1:23:11]} 9... Ba7 {[%clk 1:09:55]} 10. Bf4 {
[%clk 1:12:24]} 10... Ne5 {[%clk 0:52:49]} 11. N1d2 {[%clk 0:59:20]} 11... d6 {
[%clk 0:46:07]} 12. Qe2 {[%clk 0:59:04]} 12... O-O {[%clk 0:43:57]} 13. Rac1 {
[%clk 0:57:00]} 13... b5 {[%clk 0:39:31]} 14. c5 {[%clk 0:49:49]} 14... Nfd7 {
[%clk 0:21:58]} 15. cxd6 {[%clk 0:48:55]} 15... Qxd6 {[%clk 0:22:15]} 16. Rfd1
{[%clk 0:42:31]} 16... Qe7 {[%clk 0:19:54]} 17. Na5 {[%clk 0:35:54]} 17... Bb6
{[%clk 0:15:15]} 18. Ndb3 {[%clk 0:34:26]} 18... Ra7 {[%clk 0:12:18]} 19. Be3 {
[%clk 0:25:06]} 19... Qd8 {[%clk 0:09:54]} 20. Rd6 {[%clk 0:19:21]} 20... Bc7 {
[%clk 0:07:46]} 21. Nc6 {[%clk 0:16:54]} 21... Nxc6 {[%clk 0:07:40]} 22. Rdxc6
{[%clk 0:17:17]} 22... Rb7 {[%clk 0:07:43]} 23. Qc2 1-0

[Event "DEM U18 2017"]
[Site "Willingen GER"]
[Date "2017.06.06"]
[Round "4"]
[White "Hesse, Henrik"]
[Black "Pallas, Sebastian"]
[Result "1/2-1/2"]
[Termination "normal"]
[Board "9"]
[WhiteElo "2161"]
[BlackElo "2185"]
[WhiteClock "00:03:22"]
[BlackClock "00:09:26"]
[PlyCount "108"]
[WhiteFideId "12952060"]
[BlackFideId "12905453"]
[EventCountry "GER"]
[EventRounds "9"]
[EventType "swiss"]
[EventDate "2017.06.03"]

1. c4 {[%clk 1:30:56]} 1... e5 {[%clk 1:30:32]} 2. g3 {[%clk 1:31:10]} 2... Nc6
{[%clk 1:30:16]} 3. Bg2 {[%clk 1:31:30]} 3... g6 {[%clk 1:30:21]} 4. Nc3 {
[%clk 1:31:10]} 4... Bg7 {[%clk 1:30:32]} 5. Nf3 {[%clk 1:31:10]} 5... f5 {
[%clk 1:29:21]} 6. d3 {[%clk 1:30:30]} 6... Nf6 {[%clk 1:27:31]} 7. O-O { [%clk
1:30:35]} 7... O-O {[%clk 1:26:59]} 8. Rb1 {[%clk 1:30:52]} 8... a5 { [%clk
1:25:16]} 9. a3 {[%clk 1:31:12]} 9... d6 {[%clk 1:21:06]} 10. b4 { [%clk
1:26:45]} 10... axb4 {[%clk 1:20:54]} 11. axb4 {[%clk 1:27:10]} 11... Ne7
{[%clk 0:58:33]} 12. Bb2 {[%clk 1:20:14]} 12... h6 {[%clk 0:56:58]} 13. Ra1 {
[%clk 1:04:23]} 13... Be6 {[%clk 0:54:16]} 14. Rxa8 {[%clk 0:57:16]} 14... Qxa8
{[%clk 0:54:39]} 15. Nb5 {[%clk 0:56:53]} 15... Qb8 {[%clk 0:48:24]} 16. c5 {
[%clk 0:49:56]} 16... Nc6 {[%clk 0:39:35]} 17. Qd2 {[%clk 0:41:54]} 17... g5 {
[%clk 0:32:04]} 18. Na3 {[%clk 0:30:46]} 18... Re8 {[%clk 0:27:40]} 19. b5 {
[%clk 0:28:38]} 19... Ne7 {[%clk 0:27:39]} 20. b6 20... Nd7 {[%clk 0:23:40]}
21. Nb5 {[%clk 0:23:23]} 21... c6 {[%clk 0:16:50]} 22. Nc7 {[%clk 0:17:29]}
22... Nxc5 {[%clk 0:16:42]} 23. Ba3 {[%clk 0:15:33]} 23... e4 {[%clk 0:14:41]}
24. dxe4 {[%clk 0:12:29]} 24... Nxe4 {[%clk 0:14:42]} 25. Qd3 {[%clk 0:11:07]}
25... Nd5 {[%clk 0:13:12]} 26. Nxe8 {[%clk 0:10:45]} 26... Qxe8 {[%clk 0:13:38]
} 27. Nd4 {[%clk 0:09:20]} 27... Bd7 {[%clk 0:13:27]} 28. Nb5 {[%clk 0:06:46]}
28... Qe5 {[%clk 0:09:58]} 29. Rd1 {[%clk 0:04:47]} 29... Be6 {[%clk 0:05:33]}
30. Nd4 {[%clk 0:04:45]} 30... Ndc3 {[%clk 0:04:34]} 31. Nxe6 {[%clk 0:01:42]}
31... Nxd1 {[%clk 0:04:34]} 32. Nxg7 {[%clk 0:01:03]} 32... Qa1 {[%clk 0:03:57]
} 33. Bf1 {[%clk 0:00:41]} 33... Kxg7 {[%clk 0:03:46]} 34. f3 {[%clk 0:00:50]}
34... Nf6 {[%clk 0:01:49]} 35. Bxd6 {[%clk 0:01:14]} 35... c5 {[%clk 0:01:03]}
36. Bxc5 {[%clk 0:01:08]} 36... Nc3 {[%clk 0:01:04]} 37. Bf2 {[%clk 0:00:58]}
37... f4 {[%clk 0:00:38]} 38. gxf4 {[%clk 0:00:48]} 38... gxf4 {[%clk 0:01:05]}
39. Kg2 {[%clk 0:00:56]} 39... Ncd5 {[%clk 0:00:49]} 40. Bd4 {[%clk 0:00:49]}
40... Qa5 {[%clk 0:00:45]} 41. Kf2 {[%clk 0:23:26]} 41... Nxb6 {[%clk 0:23:24]}
42. Qb3 {[%clk 0:23:44]} 42... Nbd7 {[%clk 0:20:41]} 43. Qxb7 {[%clk 0:23:32]}
43... Qf5 {[%clk 0:18:40]} 44. Qe4 {[%clk 0:18:04]} 44... Qg5 {[%clk 0:17:56]}
45. Bh3 {[%clk 0:16:50]} 45... Kf8 {[%clk 0:14:49]} 46. Qf5 {[%clk 0:13:05]}
46... Qh4+ {[%clk 0:14:23]} 47. Kf1 {[%clk 0:11:55]} 47... Kf7 {[%clk 0:13:17]}
48. Bf2 {[%clk 0:10:53]} 48... Qg5 {[%clk 0:13:38]} 49. Qxg5 {[%clk 0:11:18]}
49... hxg5 {[%clk 0:14:06]} 50. e3 {[%clk 0:09:12]} 50... Ne5 {[%clk 0:11:12]}
51. Ke2 {[%clk 0:05:55]} 51... Nd5 {[%clk 0:10:16]} 52. e4 {[%clk 0:04:55]}
52... Nc3+ {[%clk 0:09:16]} 53. Kd2 {[%clk 0:05:14]} 53... Nb1+ {[%clk 0:09:22]
} 54. Kc2 {[%clk 0:03:22]} 54... Na3+ {[%clk 0:09:26]} 1/2-1/2